000 00443pab a2200181 454500
008 180718b2009 xxu||||| |||| 00| 0 eng d
100 _aAnand, Vinod K.
245 _aA unique strength of the informal sector in India
260 _c2009
300 _ap.25-28.
362 _a6 Jun
650 _aInformal sector - India
650 _aLabour - India
650 _aInformal sector
773 _aMainstream
908 _aN
909 _a82717
999 _c82717
_d82717